| 000 | nas a22 a 4500 | ||
|---|---|---|---|
| 999 |
_c4625 _d4625 |
||
| 003 | AKMAL | ||
| 005 | 20170607150537.0 | ||
| 008 | 170607s20019999my ar p | o000 a1may d | ||
| 040 | _aAKMAL | ||
| 049 | _aAKMAL | ||
| 245 | 0 | 0 | _aLaporan Akaun Belum Terima Tunggakan Hasil Berakhir Pada 30 Jun 2004 (Setengah Tahun Pertama 2004) Kastam Diraja Malaysia |
| 260 |
_aPutrajaya : _bCawangan Perakauan Hasil (Pungutan danTuntutan) Kastam Diraja Malaysia, _c2001 |
||
| 300 |
_aj. : _bil. ; _c30cm. |
||
| 310 | _aTahunan | ||
| 650 | 1 | 0 |
_aAuditors' reports _zMalaysia _vPeriodicals _98905 |
| 650 | 1 | 0 |
_aCustoms Administration _zMalaysia _9491 |
| 650 | 2 | 0 |
_aFinancial statements _zMalaysia _vPeriodicals _98903 |
| 710 | 1 |
_aMalaysia. _bCawangan Perakauan Hasil (Pungutan danTuntutan) Kastam Diraja Malaysia _98906 |
|
| 942 |
_2ddc _cPERIODICAL |
||